书目信息 |
| 题名: |
工业会计
|
|
| 作者: | ;工业会计教材编写组 编 | |
| 分册: | ||
| 出版信息: | 北京 中国财政经济出版社 1983.2 |
|
| 页数: | 410页 | |
| 开本: | 20cm | |
| 丛书名: | ||
| 单 册: | ||
| 中图分类: | F406.72 | |
| 科图分类: | ||
| 主题词: | 工业经济--经济理论 | |
| 电子资源: | ||
| ISBN: | ||
| 000 | 00658nam0 2200229 45 | |
| 001 | 0404291144 | |
| 005 | 20040429112655.7 | |
| 010 | @dCNY1.10 | |
| 091 | @a4163.417 | |
| 100 | @a20040429d1983 km y0chiy0120 ea | |
| 101 | 0 | @achi |
| 105 | @a z 000yy | |
| 200 | 1 | @a工业会计@AGong Ye Kuai Ji@f工业会计教材编写组编@FGong Ye Kuai Ji Jiao Cai Bian Xie Zu Bian |
| 205 | @a修订本 | |
| 210 | @a北京@c中国财政经济出版社@d1983.2 | |
| 215 | @a410页@d20cm | |
| 300 | @a中等财政学校试用教材 | |
| 606 | 0 | @a工业经济@x经济理论 |
| 690 | @aF406.72@v3 | |
| 711 | 02 | @a工业会计教材编写组@4编 |
| 801 | @aCN@bPftUser@c20040429 | |
| 905 | @f2@b108601-602@dF406.72@e20=2 | |
| 工业会计/工业会计教材编写组编.-修订本.-北京:中国财政经济出版社,1983.2 |
| 410页;20cm |
| 中等财政学校试用教材 |
| ISBN :CNY1.10 |
| ● |
| 相关链接 |
|
|
|
|
正题名:工业会计
索取号:F406.72/20=2
 
预约/预借
| 序号 | 登录号 | 条形码 | 馆藏地/架位号 | 状态 | 备注 |
| 1 | 0108601 | 000207653 | 第一借阅区/ [索取号:F406.72/20=2] | 在馆 | |
| 2 | 0108602 | 000207617 | 密集书库/ [索取号:F406.72/20=2] | 在馆 |